I swear by Apollo / (Record no. 1081)

000 -LEADER
fixed length control field 00672nam a22002537a 4500
001 - CONTROL NUMBER
control field 13268235
003 - CONTROL NUMBER IDENTIFIER
control field OSt
005 - DATE AND TIME OF LATEST TRANSACTION
control field 20140116120845.0
008 - FIXED-LENGTH DATA ELEMENTS--GENERAL INFORMATION
fixed length control field 030402s2002 ke 000 0 eng
010 ## - LIBRARY OF CONGRESS CONTROL NUMBER
LC control number 2002379141
020 ## - INTERNATIONAL STANDARD BOOK NUMBER
International Standard Book Number 9966882723
035 ## - SYSTEM CONTROL NUMBER
System control number (DLC) 2002379141
040 ## - CATALOGING SOURCE
Original cataloging agency DLC
Transcribing agency DLC
042 ## - AUTHENTICATION CODE
Authentication code lcode
050 00 - LIBRARY OF CONGRESS CALL NUMBER
Classification number PZ4.A17.O36 2002
100 1# - MAIN ENTRY--PERSONAL NAME
Personal name Ogola, Margaret A.
245 10 - TITLE STATEMENT
Title I swear by Apollo /
Statement of responsibility, etc Margaret A. Ogola.
260 ## - PUBLICATION, DISTRIBUTION, ETC. (IMPRINT)
Place of publication, distribution, etc Nairobi, Kenya :
Name of publisher, distributor, etc Focus Publishers,
Date of publication, distribution, etc 2002.
300 ## - PHYSICAL DESCRIPTION
Extent 288 p. ;
Dimensions 17 cm.
490 1# - SERIES STATEMENT
Series statement Focus books
830 #0 - SERIES ADDED ENTRY--UNIFORM TITLE
Uniform title Focus books (Nairobi, Kenya)
942 ## - ADDED ENTRY ELEMENTS (KOHA)
Source of classification or shelving scheme
Koha item type Book
Holdings
Withdrawn status Lost status Source of classification or shelving scheme Damaged status Not for loan Home library Current library Date acquired Total Checkouts Full call number Barcode Date last seen Copy number Price effective from Koha item type Total Renewals Date checked out
          Riara University Library Riara University Library 03/01/2013   PZ4.A17.O36 2002 3738/12 03/01/2013 C.1 03/01/2013 Book    
          Riara University Library Riara University Library 03/01/2013 24 PZ4.A17.O36 2002 3737/12 18/11/2024 C.2 03/01/2013 Book 5 04/11/2024

Riara University Library,
P.O. Box 49940-00100,
Nairobi, Kenya.